Goodbye Hypatia, my friend : musings /

Gespeichert in:
Bibliographische Detailangaben
1. Verfasser: Campo-Engelstein, Lisa.
Format: Artikel
Sprache:English
Schlagworte:
Tags: Tag hinzufügen
Keine Tags, Fügen Sie den ersten Tag hinzu!
Thư viện lưu trữ: Thư viện Trường Đại học Đà Lạt
LEADER 00707nam a2200253 4500
001 DLU090069901
005 ##20090514
040 # # |a DLU  |b eng 
041 # # |a eng 
044 # # |a US 
100 # # |a Campo-Engelstein, Lisa.  
245 # # |a Goodbye Hypatia, my friend :  |b musings /  |c Lisa Campo-Engelstein. 
653 # # |a Feminist philosophy 
653 # # |a Hypatia 
773 # # |t Hypatia  |g Vol. 23, no. 3 (Summer 2008), p. 233-235  
920 # # |a Phòng Tạp chí -- Trung tâm Thông tin - Thư viện Trường Đại học Đà Lạt 
994 # # |a DLU 
900 # # |a True 
911 # # |a Trương Bảo Trâm Anh 
925 # # |a G 
926 # # |a A 
927 # # |a BB 
980 # # |a Thư viện Trường Đại học Đà Lạt